[Event "Mexico City Garritas 08th"]
[Site "Mexico City"]
[Date "2014.08.16"]
[Round "2"]
[White "Jimenez Espinoza, Cesar"]
[Black "Luna Javier, Edgar Froylan"]
[Result "0-1"]
[WhiteElo "1897"]
[BlackElo "1916"]
[PlyCount "96"]
[EventDate "2014.08.15"]
[EventType "swiss"]
[EventRounds "5"]
[EventCountry "MEX"]
[SourceTitle "EXT 2018"]
[Source "ChessBase"]
[SourceDate "2017.10.13"]
[SourceVersion "1"]
[SourceVersionDate "2017.10.13"]
[SourceQuality "1"]

1. e4 c5 2. Nf3 Nc6 3. d4 cxd4 4. Nxd4 g6 5. c4 Bg7 6. Be3 d6 7. Nc3 Nf6 8. Be2 0-0 9. 0-0 Bd7 10. Rc1 b6 11. Qd2 Qc8 12. f3 Re8 13. Nd5 Qb7 14. Nb5 Rac8 15. Rfd1 Nb8 16. Nbc3 Be6 17. b3 Na6 18. Nf4 Bd7 19. g4 Kh8 20. g5 Ng8 21. h4 Nc7 22. h5 Ne6 23. Ncd5 Nxg5 24. Nxg6+ fxg6 25. Bxg5 gxh5 26. Nf4 Nf6 27. e5 dxe5 28. Nxh5 Nxh5 29. Qxd7 Qxd7 30. Rxd7 Rg8 31. Kf2 Bf6 32. Bxf6+ exf6 33. Rxa7 Nf4 34. Bf1 Rcd8 35. Ke3 f5 36. c5 bxc5 37. Rxc5 Rge8 38. Rcc7 Nd5+ 39. Kf2 Nxc7 40. Rxc7 Rd2+ 41. Ke3 Red8 42. a4 R8d4 43. Be2 f4+ 44. Kf2 Rb2 45. Ke1 e4 46. Rc4 Rb1+ 47. Kf2 e3+ 48. Kg2 Rd2 0-1

[Event "Mexico City Garritas-B 02nd"]
[Site "Mexico City"]
[Date "2014.02.25"]
[Round "2"]
[White "Garcia Torres, Francisco"]
[Black "Jimenez Espinoza, Cesar"]
[Result "0-1"]
[WhiteElo "1857"]
[BlackElo "1863"]
[PlyCount "80"]
[EventDate "2014.02.24"]
[EventType "tourn"]
[EventRounds "5"]
[EventCountry "MEX"]
[SourceTitle "EXT 2018"]
[Source "ChessBase"]
[SourceDate "2017.10.13"]
[SourceVersion "1"]
[SourceVersionDate "2017.10.13"]
[SourceQuality "1"]

1. e4 c5 2. Nf3 e6 3. c3 Nf6 4. e5 Nd5 5. Bc4 Nc6 6. d4 d6 7. 0-0 Be7 8. Nbd2 cxd4 9. cxd4 dxe5 10. dxe5 0-0 11. Ne4 Qc7 12. Bxd5 exd5 13. Nc3 Rd8 14. Nxd5 Qd7 15. Nxe7+ Qxe7 16. Qe1 h6 17. Bf4 Bg4 18. Qc3 Bxf3 19. Qxf3 Qb4 20. Qg3 Nd4 21. Qg4 Ne6 22. g3 Rd4 23. Rad1 Rad8 24. Qf3 Nxf4 25. Qxf4 Qxb2 26. Rxd4 Qxd4 27. Qxd4 Rxd4 28. Rb1 b6 29. Rb2 Kf8 30. f4 Ke7 31. Kf2 Ke6 32. Ke3 Rd5 33. Rc2 Ra5 34. g4 Ra3+ 35. Ke4 Ra4+ 36. Ke3 g5 37. Rc6+ Ke7 38. Rxh6 gxf4+ 39. Kf3 Rxa2 40. h4 b5 0-1

[Event "Mexico City Garritas-B 02nd"]
[Site "Mexico City"]
[Date "2014.02.25"]
[Round "3"]
[White "Jimenez Espinoza, Cesar"]
[Black "Alarcon Morales, Alicia"]
[Result "0-1"]
[WhiteElo "1863"]
[BlackElo "1608"]
[PlyCount "77"]
[EventDate "2014.02.24"]
[EventType "tourn"]
[EventRounds "5"]
[EventCountry "MEX"]
[SourceTitle "EXT 2018"]
[Source "ChessBase"]
[SourceDate "2017.10.13"]
[SourceVersion "1"]
[SourceVersionDate "2017.10.13"]
[SourceQuality "1"]

1. e4 c5 2. Nf3 d6 3. d4 cxd4 4. Nxd4 Nf6 5. Nc3 g6 6. f3 Bg7 7. Be3 0-0 8. Qd2 Nc6 9. 0-0-0 Nxd4 10. Bxd4 Be6 11. Kb1 Qc7 12. g4 Rfc8 13. g5 Nh5 14. Bxg7 Nxg7 15. Nb5 Qc5 16. Nd4 a5 17. Nxe6 Nxe6 18. h4 b5 19. Rh2 a4 20. Qd5 b4 21. Bh3 Nf4 22. Qxc5 Rxc5 23. Bf1 Rac8 24. Rd4 Rb8 25. Rc4 Rxc4 26. Bxc4 Kg7 27. Rd2 f6 28. Bd5 fxg5 29. hxg5 Rb5 30. Rd1 Nxd5 31. Rxd5 Rxd5 32. exd5 h6 33. gxh6+ Kxh6 34. Kc1 Kg5 35. a3 bxa3 36. b3 axb3 37. cxb3 Kf4 38. b4 Ke5 39. Kc2 0-1

[Event "Mexico City Jose Marti 5th"]
[Site "Mexico City"]
[Date "2013.10.16"]
[Round "3"]
[White "Sandoval Mercado, Carlos"]
[Black "Jimenez Espinoza, Cesar"]
[Result "1-0"]
[WhiteElo "1849"]
[BlackElo "1891"]
[PlyCount "29"]
[EventDate "2013.10.14"]
[EventType "tourn"]
[EventRounds "5"]
[EventCountry "MEX"]
[SourceTitle "EXT 2018"]
[Source "ChessBase"]
[SourceDate "2017.10.13"]
[SourceVersion "1"]
[SourceVersionDate "2017.10.13"]
[SourceQuality "1"]

1. e4 c5 2. Nc3 Nc6 3. Bb5 d6 4. Bxc6+ bxc6 5. f4 Nf6 6. Nf3 g6 7. 0-0 Bg7 8. d3 0-0 9. Qe1 e5 10. fxe5 dxe5 11. Be3 Nd7 12. Na4 Rb8 13. b3 Qe7 14. c4 Rb4 15. Bxc5 1-0